000 00252nam a2200109Ia 4500
008 190216s9999||||xx |||||||||||||| ||und||
100 _aAnderson C R
245 0 _aElectronine Kandethuka
260 _bBhasha Institute
650 _aPhysics
942 _cBK
999 _c39878
_d39878